Anl̀isis de polt̕icas pb︢licas en Colombia Enfoques y estudios de caso /

Bibliographic Details
Main Author: Pineda Duque, Javier A.
Format: eBook
Language:Spanish
Published: Bogot:̀ Universidad de Los Andes (Colombia), 2018
Subjects:
Online Access:Acceso restringido

MARC

LEADER 00000nam a22000007a 4500
005 20190517124134.0
007 cr|||| ||||
008 190517s2018 co |||||s|||| 00||0 spa d
020 |a 978-958-774-613-6 
035 |a 23410 
040 |a vLex 
090 |c 8745  |d 8745 
100 1 |a Pineda Duque, Javier A. 
245 1 0 |a Anl̀isis de polt̕icas pb︢licas en Colombia  |h [Recurso electrn̤ico] :  |b Enfoques y estudios de caso /  |c Javier A. Pineda Duque 
256 |a Servicio en ln̕ea 
260 |a Bogot:̀  |b Universidad de Los Andes (Colombia),  |c 2018 
300 |a 1 recurso electrn̤ico 
500 |a Cuando el Cider abri ̤la Especializacin̤ en Estado, Polt̕icas Pb︢licas y Desarrollo, se cre ̤un espacio acadm̌ico orientado a estudiar y analizar crt̕icamente el papel del Estado y de las polt̕icas pb︢licas en los procesos de desarrollo. La formacin̤ en esta r̀ea busca capacitar de manera crt̕ica e inter-disciplinaria a aquellos profesionales de los sectores pb︢lico, privado y solidario que estǹ interesados en comprender los procesos de fortalecimiento institucional y de reforma del sector pb︢lico, as ̕como en el diseǫ y la implementacin̤ de polt̕icas pb︢licas orientadas al desarrollo. Anl̀isis de polt̕icas pb︢licas en Colombia es resultado de un trabajo sistemt̀ico en uno de los cursos de este programa: Anl̀isis y Evaluacin̤ de Polt̕ica Pb︢lica, de estructura ter̤ico-prc̀tica, que integra distintas teora̕s o enfoques de anl̀isis y evaluacin̤ de polt̕ica pb︢lica con el desarrollo de aplicaciones a polt̕icas de interš o de la prc̀tica profesional de los estudiantes. Los capt̕ulos, con excepcin̤ del primero, son producto de trabajos en grupo realizados por los estudiantes de la promocin̤ del segundo semestre del 2015. 
506 1 |a Disponible solo en los productos indicados  |d vLex Global  |d vLex Global (Academic Edition, excluding Law Schools)  |d vLex Global (U.S. Academic Edition, Law Schools)  |d vLex Global (U.S. Academic Edition, excluding Law Schools)  |d vLex Global (Academic Edition, Law Schools) 
650 0 4 |a Derecho Constitucional  |z Colombia 
740 0 |a vLex Libros (Servicio en ln̕ea) 
856 4 0 |u http://vlex.com/source/analisis-de-politicas-publicas-en-colombia-enfoques-y-estudios-de-caso-23410  |z Acceso restringido 
942 |c BOOK 
999 0 |a Constitutional right